|
|
|
|
| LEADER |
00746nam a22001817a 4500 |
| 082 |
|
|
|a PRA/D P9
|b 920
|
| 100 |
|
|
|a ടി എന് പ്രകാശ്
|9 215011
|
| 100 |
|
|
|a T N Prakash
|9 215012
|
| 240 |
|
|
|a T P Sukumaran PerintePorul
|
| 245 |
|
|
|a ടി പി സുകുമാരന് പേരിന്റെ പൊരുള്
|
| 250 |
|
|
|a 1st
|
| 260 |
|
|
|a Thrissur;
|b Keralasahithya Acadami;
|c 2009
|
| 300 |
|
|
|a 141p.
|
| 650 |
|
|
|a മലയാളം; ജീവചരിത്രം
|9 215013
|
| 650 |
|
|
|a Malayalam;Biography
|9 215014
|
| 942 |
|
|
|c BK
|
| 999 |
|
|
|c 55705
|d 55705
|
| 952 |
|
|
|0 0
|1 0
|4 0
|6 920_000000000000000_PRA_D_P9
|7 0
|8 BIO
|9 66543
|a MAL
|b MAL
|d 2016-07-04
|e CR284
|g 100.00
|l 0
|o 920 PRA/D P9
|p MALCR000284
|r 2016-07-04
|t 1
|w 2016-07-04
|y BK
|